[Event "Moscow Tal Memorial 7th"]
[Site "Moscow"]
[Date "2012.06.18"]
[Round "9"]
[White "Nakamura, Hikaru"]
[Black "Radjabov, Teimour"]
[Result "1/2-1/2"]
[WhiteElo "2775"]
[BlackElo "2784"]
[Annotator "Kritz,L"]
[PlyCount "77"]
[EventDate "2012.06.08"]
[EventType "tourn"]
[EventRounds "9"]
[EventCountry "RUS"]
[EventCategory "22"]
[SourceTitle "CBM 149"]
[Source "ChessBase"]
[SourceDate "2012.07.17"]
[SourceVersion "1"]
[SourceVersionDate "2012.07.17"]
[SourceQuality "1"]

1. e4 c5 2. Nf3 Nc6 3. Bb5 e6 4. b3 {Diese Variante wird selten gespielt und
das zurecht.} Nge7 {Dieser Zug sieht sehr logisch aus. Jetzt will Schwarz ...
a6 spielen, und dann, falls Weiß auf c6 nimmt, mit dem Springer zurücknehmen.}
5. O-O (5. Bb2 a6 6. Bxc6 Nxc6 7. O-O {-> siehe die Partie.}) 5... a6 6. Bxc6
Nxc6 7. Bb2 b6 $5 {Vorsichtig gespielt. Meistens geht der Bauer nach b5, aber
dann kann er nach a4 Angriffsziel der weißen Figuren werden.} (7... b5 8. a4 b4
9. d3 d6 10. d4 cxd4 11. Nxd4 Bb7 12. Nxc6 Bxc6 13. Nd2 $14 {Sjugirov-Nuri 
(Aix-les-Bains, 2011)}) 8. Qe2 {Man kann diesen Zug als Experiment bezeichnen.
Im weiteren Verlauf hat Weiß überhaupt nichts erreicht.} (8. d4 cxd4 9. Nxd4
Bb7 10. Nd2 f6 $1 {Schwarz kann sonst seinen schwarzfeldrigen Läufer nicht
entwickeln.} (10... Bc5 11. Nxc6 Bxc6 12. Bxg7 Rg8 13. Be5 Qg5 14. Bg3 h5 15.
Nf3 Qg4 16. Ne5 Qxe4 17. Nxc6 Qxc6 18. Qxh5 $16) 11. Qg4 Kf7 {Solches Spiel
ist nur möglich, weil Weiß keinen weißfeldrigen Läufer mehr hat.} 12. Rad1 Qc7
13. Nc4 b5 14. Qh5+ Kg8 15. Ne3 Ne5 16. Nf3 Ng6 17. Qg4 Rd8 $132 {
Adams-Edouard (Rijeka, 2010)}) (8. c4 Bb7 9. Re1 (9. Qe2 Qc7 10. d4 cxd4 11.
Nxd4 Bc5 12. Nxc6 Qxc6 13. Nd2 (13. Bxg7 Rg8 14. Bf6 Qxe4 $15) 13... O-O 14.
Qg4 f6 15. a3 a5 $11 {Minasian-Shabalov (Los Angeles, 2003)}) 9... Qc7 10. Nc3
(10. d4 cxd4 11. Nxd4 Bd6 12. Nxc6 Bxc6 13. Qh5 O-O 14. Nd2 f6 $11 {Peng
Xiaomin-Wu Wenjin (Tianjing, 2003)}) 10... Bd6 11. Nd5 exd5 12. exd5+ Ne7 13.
Bxg7 Rg8 14. Bf6 Rg6 15. Bxe7 Bxe7 16. Nh4 Kf8 17. Nxg6+ hxg6 18. Qf3 $132 {
Movsesian-Timofeev (Sarajevo, 2007)}) 8... Bb7 9. Rd1 {Dieser und der nächste
Zug von Weiß sind nicht konsequent.} (9. c3 Be7 10. d4 cxd4 11. cxd4 O-O 12. d5
exd5 13. exd5 Nb4 14. Nc3 Bf6 $15) 9... Qc7 10. c3 {Was der Turm nun auf d1
macht, ist eine große Frage.} (10. d4 cxd4 11. Nxd4 Bc5 12. Nxc6 Qxc6 $15)
10... Ne5 $1 {Richtig gespielt. Es kann sein, dass Weiß auf 10...Be7 hoffte.} (
10... Be7 $6 11. d4 cxd4 12. cxd4 d5 (12... O-O 13. d5 $14) 13. Nc3 dxe4 14.
Nxe4 O-O 15. d5 exd5 16. Nc3 $14 {Hier sieht man, dass der Turm auf d1 seinen
Platz gefunden hat.}) 11. Nxe5 Qxe5 {Nun kann Weiß nicht gleich d4 spielen.}
12. d3 (12. d4 $4 Qxe4 13. Qxe4 Bxe4 $19) (12. f3 $2 {Schwarz entwickelt eine
sehr starke Initiative am Königsflügel.} Bd6 13. g3 O-O 14. d4 cxd4 15. cxd4
Qh5 16. Nd2 f5 $15) 12... d5 {Ebenfalls spielbar ist ...Bd6.} (12... Bd6 13. g3
Qg5 14. Nd2 O-O $11) 13. Nd2 Bd6 14. g3 Be7 {Es ist immer gut, die Schwäche
der weißen Felder zu provozieren.} 15. d4 cxd4 16. cxd4 Qc7 17. Rac1 Qd7 18. e5
$15 {Weiß muss das Zentrum schließen, sonst wird die lange Diagonale geöffnet.
Nun haben wir eine typische französische Bauernstruktur auf dem Brett, nur hat
Weiß seinen guten weißfeldrigen Läufer schon abgetauscht und hat dadurch
überhaupt kein Spiel. Schwarz steht einfach besser.} O-O 19. Nb1 {Weiß will
die schwarzfeldrigen Läufer tauschen.} b5 {Schwarz will nach Ba3 einfach ...b4
spielen.} (19... a5 $5 20. Ba3 Bb4 $1 (20... Bxa3 21. Nxa3 Ba6 22. Qe3 Rac8 $11
{Der schwarze Läufer ist aktiv geworden und dadurch ist der Ausgleich
garantiert.}) 21. Bxb4 $1 axb4 22. Qd2 Qe7 23. Rc2 $1 {Weiß hat genug Zeit, um
die Initiative von Schwarz zu neutralisieren.} Rfc8 24. Rdc1 Rxc2 25. Qxc2 h6
26. Nd2 Rc8 27. Qb2 Rc7 28. Rc2 Ba6 29. Qc1 Ra7 $132) 20. Nc3 {Nun kann
Schwarz nicht ...b4 spielen.} (20. Ba3 b4 21. Bb2 a5 $17) 20... Bc6 (20... b4
21. Na4 Qb5 22. Qxb5 axb5 23. Rc7 Rfe8 24. Rxb7 bxa4 25. Rc1 axb3 26. axb3 Kf8
(26... Ra2 $4 27. Rxe7 $18) 27. Rcc7 Ra2 28. Bc1 $14) 21. Qg4 f5 $1 {Sonst
bekommt Weiß eine gewisse Initiative.} (21... b4 22. Ne2 a5 23. Nf4 Kh8 24. Nh5
Rg8 25. Rc2 $36) 22. exf6 {Erzwungen. Wenn Weiß mit der Dame zurückgeht, dann
wird er überhaupt kein Spiel haben.} Rxf6 (22... Bxf6 23. Ne2 $36 {/\Nf4}) 23.
Ne2 Bd6 {Auch 23....Rg6 sieht nicht schlecht aus.} (23... Rg6 24. Qf3 Bd6 $15 {
/\Rf8}) 24. Rc2 $1 {Sehr starker Zug! Die Idee davon ist nicht Rdc1 zu spielen,
sondern Nc1-Nd3-Nc5/Ne5! Das Feld c1 wurde für den Springer frei gemacht.} b4
$1 {Schwarz muss das Springermanoever verhindern.} (24... Raf8 $6 25. Nc1 Rf3
26. Nd3 Qf7 27. Rf1 Rxd3 28. Qe2 $1 (28. Rxc6 Rd2 29. Rxd6 Rxf2 $19) 28... Rf3
29. Rxc6 $16) 25. Nc1 Bb5 $1 26. Nd3 Bxd3 27. Rxd3 {Nach einer Folge der
stärksten Züge für beide Seiten ist die Stellung ausgeglichen.} Rc8 28. Rdd2
Rff8 {Nun werden alle Türme auf der c-Linie abgetauscht und die Partie endet
in einem remislichen Endspiel.} 29. Qe2 Rxc2 30. Rxc2 Rc8 31. Bc1 Rxc2 32. Qxc2
$11 {Keiner kann in dieser Stellung auf Gewinn spielen, weil beide Seiten ihre
Schwächen haben, die sich ausgleichen.} Qe8 33. f4 g6 34. Be3 Kf7 35. Kg2 Qd7
36. Bf2 Be7 37. Be3 Bd6 38. Bf2 Be7 39. Be3 1/2-1/2

[Event "Wch Blitz 6th"]
[Site "Astana"]
[Date "2012.07.09"]
[Round "2"]
[White "Topalov, Veselin"]
[Black "Radjabov, Teimour"]
[Result "1/2-1/2"]
[WhiteElo "2752"]
[BlackElo "2788"]
[PlyCount "228"]
[EventDate "2012.07.09"]
[EventType "tourn (blitz)"]
[EventRounds "30"]
[EventCountry "KAZ"]
[EventCategory "19"]
[SourceTitle "CBM 149 Extra"]
[Source "ChessBase"]
[SourceDate "2012.08.24"]
[SourceVersion "1"]
[SourceVersionDate "2012.08.24"]
[SourceQuality "1"]

1. e4 c5 2. Nf3 Nc6 3. Bb5 g6 4. O-O Bg7 5. Bxc6 dxc6 6. h3 Nf6 7. d3 O-O 8. a3
c4 9. Nc3 cxd3 10. cxd3 c5 11. Be3 b6 12. Qc2 Bb7 13. Rad1 Rc8 14. Rfe1 Qc7 15.
Qc1 Rfd8 16. Bf4 Qd7 17. Qe3 Nh5 18. Bh2 Nf6 19. Rd2 Qe8 20. Red1 Bc6 21. Be5
Ba4 22. Re1 Bc6 23. Red1 Bb7 24. Qg5 a6 25. Qe3 b5 26. Rc1 c4 27. d4 e6 28. Qf4
Nh5 29. Qe3 Nf6 30. Qf4 Qe7 31. Rcd1 Re8 32. Re1 Rcd8 33. d5 Nh5 34. Qh2 exd5
35. exd5 f6 36. g4 fxe5 37. gxh5 gxh5 38. Rde2 Bxd5 39. Nxe5 Qb7 40. Qg3 Re6
41. Kh2 Rde8 42. f4 Rf6 43. Qg5 h6 44. Qxh5 Bf7 45. Qg4 Qc8 46. Qg3 Qf5 47. Ne4
Qxf4 48. Nxf6+ Qxf6 49. Rg1 Bh5 50. Reg2 Qxe5 51. Qxe5 Rxe5 52. Rxg7+ Kf8 53.
Ra7 Bf7 54. Rf1 Re7 55. Rxe7 Kxe7 56. Kg3 a5 57. Kf4 b4 58. axb4 axb4 59. Ke5
c3 60. bxc3 bxc3 61. Rc1 Be6 62. Rxc3 Bd7 63. h4 Bg4 64. Rc7+ Ke8 65. Kf6 h5
66. Re7+ Kd8 67. Rg7 Ke8 68. Kg5 Kf8 69. Ra7 Ke8 70. Kf4 Kf8 71. Ke5 Ke8 72.
Kd6 Kf8 73. Rh7 Ke8 74. Re7+ Kf8 75. Re5 Kf7 76. Kd5 Kf6 77. Ke4 Bf3+ 78. Kf4
Bg4 79. Re1 Bd7 80. Rd1 Bg4 81. Rd6+ Ke7 82. Ke5 Kf7 83. Rb6 Bd1 84. Rb7+ Kg6
85. Rb2 Bg4 86. Rf2 Kg7 87. Kd6 Kg6 88. Ke7 Bf5 89. Rf4 Bg4 90. Rf6+ Kg7 91.
Rf7+ Kg6 92. Kf8 Be6 93. Rf2 Bf5 94. Rf4 Kf6 95. Rf2 Kg6 96. Ke7 Bg4 97. Rf6+
Kg7 98. Rf1 Kg6 99. Kf8 Bf5 100. Kg8 Be6+ 101. Kh8 Bg4 102. Ra1 Kf7 103. Kh7
Kf6 104. Kh6 Kf7 105. Ra5 Kf6 106. Rg5 Kf7 107. Rg6 Bf3 108. Rg1 Bg4 109. Rf1+
Ke7 110. Kg5 Ke6 111. Re1+ Kf7 112. Re5 Bd1 113. Kf4 Bg4 114. Rxh5 Bxh5 1/2-1/2

[Event "Olympiad-40"]
[Site "Istanbul"]
[Date "2012.09.06"]
[Round "9.1"]
[White "Wojtaszek, Radoslaw"]
[Black "Radjabov, Teimour"]
[Result "1-0"]
[WhiteElo "2717"]
[BlackElo "2788"]
[Annotator "Wojtaszek,R"]
[PlyCount "103"]
[EventDate "2012.08.28"]
[EventType "team-swiss"]
[EventRounds "11"]
[EventCountry "TUR"]
[SourceTitle "CBM 151"]
[Source "ChessBase"]
[SourceDate "2012.11.13"]
[SourceVersion "1"]
[SourceVersionDate "2012.11.13"]
[SourceQuality "1"]
[WhiteTeam "Poland"]
[BlackTeam "Azerbaijan"]
[WhiteTeamCountry "POL"]
[BlackTeamCountry "AZE"]

{The only previous game between us was played in an European Championship
under 10 in 1996. It ended up with a draw, Teimur won that tournament and I
finished fifth. As can be seen, we had to wait a bit for the next game... Die
einzige frühere Partie zwischen uns war 1996 bei einer U10-Europameisterschaft
gespielt worden. Sie endete mit Remis, Teimur gewann dieses Turnier, und ich
wurde Fünfter. Wie man sieht, mussten wir auf die nächste Begegnung ein
bisschen warten...} 1. d4 Nf6 2. c4 g6 3. Nc3 Bg7 {King's Indian Defence, not
a surprise at all but recently Teimur also had some games in the Queen's
Gambit. Königsindische Verteidigung, keineswegs eine Überraschung, wobei
Teimur in letzter Zeit auch ein paar Partien im Damengambit hatte.} 4. e4 d6 5.
Nf3 O-O 6. Be2 e5 7. O-O Nc6 8. d5 Ne7 9. b4 {The Bayonet Attack, recently the
most fashionable choice against the King's Indian. Der Bayonett-Angriff, in
letzter Zeit die populärste Wahl gegen den Königsinder.} Nh5 10. Re1 ({At the
same tournament, in my game against GM Morovic Fernandez, I played Bei
demselben Turnier, in meiner Partie gegen GM Morovic Fernandez, spielte ich} 
10. g3 {and I managed to win that game. For this game I had another idea in
mind. und konnte gewinnen. Für diese Begegnung schwebte mir eine andere Idee
vor.}) 10... f5 11. Ng5 Nf6 12. Bf3 ({In my previous games I used to play In
meinen früheren Partien spielte ich immer} 12. f3) 12... c6 13. dxc6 $1 $146 {
A very interesting novelty, although I've found some correspondence games with
this position. It's not very difficut to guess that it was one of the fruits
of working for the World Champion. At the first glance it doesn't look too
dangerous for Black as White is giving up the centre, but the position is very
concrete and I was hoping to get some surprise value as well. Eine sehr
interessante Neuerung, obwohl ich ein paar Fernschachpartien mit dieser
Stellung gefunden habe. Es ist nicht sonderlich schwer zu erraten, das dies
eine der Früchte des Arbeitens für den Weltmeister war. Auf den ersten Blick
wirkt es nicht allzu gefährlich für Schwarz, da Weiß das Zentrum aufgibt, aber
die Stellung ist sehr konkret, und ich hoffte, auch ein bisschen von dem
Überraschungseffekt zu profitieren.} bxc6 {I was glad that already here Teimur
spent some time on this move, so I was able to surprise my opponent. Ich war
froh, dass Teimur bereits an diesem Zug einige Zeit überlegte, ich hatte
meinen Gegner also überraschen können.} ({I can't recommend Nicht empfehlen
kann ich} 13... Nxc6 $6 14. exf5 {and now it's impossible to take , und nun
ist das Schlagen} gxf5 {because of unmöglich wegen} 15. Bd5+ $1) 14. exf5 gxf5
15. b5 e4 {A very important moment. I already had a huge time advantage and
the position remains very complicated. Ein ganz wichtiger Moment. Ich hatte
bereits einen Riesenzeitvorsprung, und die Stellung bleibt sehr kompliziert.}
16. Be2 c5 $6 {The most practical choice, but not the best one. Die
pragmatischste Wahl, aber nicht die beste.} ({The most principled was Am
prinzipiellsten war} 16... d5 $1 {but it's not simple to make such a move when
you know that your opponent is still in his preparation allerdings ist es
nicht leicht, einen solchen Zug zu machen, wenn man weiß, dass sich der Gegner
noch in seiner Vorbereitung befindet.} 17. Be3 ({I also considered Ich erwog
auch} 17. cxd5 $5 Nfxd5 18. Nxd5 cxd5 19. Rb1 {and the position remains very
complicated because it's not so easy for Black to move his central pawns. und
die Stellung bleibt sehr kompliziert, da es für Schwarz nicht leicht ist,
seine Zentrumsbauern zu bewegen.}) 17... Ng4 $1 18. Bd4 Ne5 19. cxd5 cxd5 {
with unclear play. mit unklarem Spiel.}) (16... h6 {was also possible, but I
liked my position after war ebenfalls möglich, aber mir gefiel meine Stellung
nach} 17. Nh3 d5 18. Be3 Ng4 19. Bd4 Bxd4 20. Qxd4 $14) 17. a4 $1 {That was my
first independent move and I liked this a lot. It's quite a typical idea in
the Bayonet to activate the rook via the 3rd rank. Dies war mein erster
eigenständiger Zug und er gefiel mir sehr. Es ist eine typische Idee im
Bayonett-Angriff, den Turm über die 3. Reihe zu aktivieren.} Ng6 18. Ra3 $14 {
It's obvious that White got a comfortable position after the opening. Black
has too many weaknesses, so I was quite optimistic about my chances at that
point. Es ist offensichtlich, dass Weiß nach der Eröffnung eine bequeme
Stellung erhalten hat. Schwarz hat zu viele Schwächen, daher war ich an dieser
Stelle bezüglich meiner Chancen recht optimistisch.} Kh8 19. Nd5 $1 h6 20. Nh3
Be6 21. Nhf4 Nxf4 22. Nxf4 Bf7 {After some logical moves from both sides, I
spent a lot of time on this position. The problem is that White has many
promising ideas and it's not so simple to choose the best one. Nach einigen
logischen Zügen von beiden Seiten verbrauchte ich für diese Stellung eine
Menge Zeit. Das Problem ist, dass Weiß viele aussichtsreiche Ideen hat, und es
nicht so leicht fällt, die beste zu wählen.} 23. Bb2 $5 {The most logical, but
I think there was the even stronger Am logischsten, aber ich glaube, es gab
das noch stärkere} (23. Rh3 $5 Qe7 (23... d5 $6 24. cxd5 Nxd5 25. Nxd5 Qxd5 26.
Bxh6 $18) 24. Bb2 Rad8 25. Qb3 Rg8 26. Rh4 $1 {and that's the move I missed in
my calculations. Qh3 is a huge threat, so Black has nothing better than the
forced line after , und das ist der Zug, den ich in meinen Berechnungen
übersehen hatte. Qh3 ist eine gewaltige Drohung, daher hat Schwarz nichts
Besseres als das forcierte Abspiel nach} Ng4 27. Bxg7+ Kxg7 28. Qh3 Ne5 29.
Rxh6 Qg5 30. Rh7+ Kf8 31. Qe3 $1 {and White is probably almost winning here. ,
und hier steht Weiß wahrscheinlich fast auf Gewinn.}) 23... d5 24. cxd5 Nxd5
25. Qa1 ({The immediate Das sofortige} 25. Bxg7+ $1 {was stronger: war stärker:
} Kxg7 26. Nxd5 Qxd5 27. Rg3+ $1 Kh7 28. Qxd5 Bxd5 29. Rc3 $16 {with very good
winning chances for White. mit sehr guten Gewinnchancen für Weiß.}) 25... Bxb2
26. Qxb2+ Qf6 27. Qxf6+ Nxf6 28. Rc3 $16 {After a series of forced moves an
interesting endgame appeared. It's clear that White is better, although I was
not sure how serious my advantage is. Nach einer Serie forcierter Züge hat
sich ein interessantes Endspiel ergeben. Es ist klar, dass Weiß besser steht,
wenngleich ich nicht sicher war, wie ernst mein Vorteil ist.} Rac8 $6 (28...
Rfc8 {was better, but even here, after war besser, aber selbst hier nach} 29.
Rec1 ({The main idea of ...Rfc8 can be seen after Die Hauptidee von ...Rfc8
sieht man nach} 29. Rd1 Rab8 $1 {and White doesn't have und Weiß hat kein} 30.
Rd6 {wegen einfach simply because of} Rb6) 29... Nd7 30. Rd1 Ne5 31. Nd5 $1 {
and White is still better. steht Weiß nach wie vor überlegen.}) 29. Rec1 $6 {
In time trouble both sides make mistakes. In Zeitnot machen beide Seiten
Fehler.} ({I missed the very strong idea Ich übersah die bärenstarke Idee} 29.
Rd1 $1 c4 30. Rd6 Kg7 31. Ra6 $1 {and Black can't protect everything und
Schwarz kann nicht alles decken:} Rc7 32. Rg3+ $1 Ng4 33. h3 c3 34. Rc6 Rxc6
35. bxc6 Rc8 36. Rxc3 (36. hxg4 $4 Rxc6 $11) 36... Nf6 37. Rc5 $18) 29... Nd7
30. Bc4 $1 {This position I'd seen when I was playing 25.Qa1. I thought I have
good winning chances but I understood it might be not so simple to convert it
into victory. Diese Stellung hatte ich gesehen, als ich 25.Qa1 spielte. Ich
dachte, ich hätte gute Gewinnchancen, begriff aber, dass es nicht so leicht
sein könnte, es in einen Sieg umzumünzen.} Kh7 ({Objectively speaking,
Objektiv gesehen war} 30... Nb6 $5 {was better, but even here after besser,
doch auch hier nach} 31. Bxf7 Rxf7 32. a5 Nd7 33. Ne6 $1 {Black's position
would be very difficult. wäre die Stellung von Schwarz sehr schwierig.}) 31.
Be6 $1 Bxe6 32. Nxe6 Rfe8 33. Nxc5 $16 Nb6 34. g3 $2 {With this natural move I
almost spoiled all of my winning chances. Mit diesem natürlichen Zug machte
ich fast all meine Gewinnchancen zunichte.} ({During the game I saw Während
der Partie sah ich} 34. Nb3 {but I was not sure of the position after , war
aber nicht sicher bezüglich der Stellung nach} Rxc3 35. Rxc3 Nxa4 36. Rc7+ Kg6
37. Rxa7 Rd8 $1 38. h4 Rd3 $1 39. Na5 Rd1+ 40. Kh2 Nc5 {It seemed to me that
Black will get dangerous counterplay after ...f4 Mir schien, dass Schwarz nach
...f4 gefährliches Gegenspiel bekommen wird.}) ({I should play Spielen sollte
ich} 34. a5 $1 Nd5 35. Rc4 e3 36. fxe3 Nxe3 37. Rd4 $1 {and now after , und
jetzt nach} Re5 {White wins after gewinnt Weiß mit} 38. Rd7+ $1 Kg6 (38... Kg8
39. Rxa7 Rexc5 40. Rxc5 Rxc5 41. b6 $18) 39. Rd6+ Kf7 40. Rc6 $18) 34... f4 $2
{I was lucky that my opponent missed his chance to save the game, although it
has to be said it was not so simple in time trouble. Ich hatte Glück, dass
mein Gegner seine Chance verpasste, die Partie zu retten, obwohl zu sagen ist,
dass es in Zeitnot nicht so einfach war.} (34... Re7 $1 35. a5 (35. Nxe4 Rxe4
36. Rxc8 Nxc8 37. Rxc8 Rxa4 38. Rc7+ Kg6 39. Rc6+ Kh5 $1 40. Ra6 Rb4 {and
Black will hold it easily und Schwarz wird es mühelos halten.}) 35... Nd5 36.
Rc4 Rec7 {and I don't see how White can improve in this position. , und ich
sehe nicht, wie Weiß sich in dieser Stellung verbessern kann.}) 35. gxf4 Nd5
36. Rc4 e3 $5 37. fxe3 Nxe3 38. Rd4 Re7 $1 {Here I realised that things are
not simple at all. White is two pawns up, but I had to face some practical
problems. Hier wurde mir klar, dass die Sache keineswegs einfach ist. Weiß hat
zwei Bauern mehr, aber ich sah mich mit einigen praktischen Problemen
konfrontiert.} 39. h3 $1 {During the game I was very happy with this move. I
thought it was essential not to allow counterplay connected with ...Ng4 tricks.
Während der Partie war ich sehr zufrieden mit diesem Zug. Ich hielt es für
notwendig, kein Gegenspiel in Verbindung mit ...Ng4-Tricks zu erlauben.} Rg8+
40. Kf2 Rg2+ 41. Kf3 Rh2 42. Rd7 $1 Rxh3+ 43. Kf2 $1 {It's never too late to
make a mistake. Es ist nie zu spät, einen Fehler zu machen.} (43. Ke2 $6 Rxd7
44. Nxd7 Nd5 $1 {and suddenly Black has good drawing chances. und plötzlich
hat Schwarz gute Remischancen.}) 43... Rxd7 (43... Rh2+ 44. Kg3 $18) (43...
Ng4+ 44. Kg2 Rhe3 (44... Rxd7 45. Kxh3 $1) 45. Rxe7+ Rxe7 46. a5 $18) 44. Nxd7
Kg6 45. Rc7 $1 {The only move, but to be fair, not the most difficult to find.
Der einzige Zug, aber um fair zu sein, auch nicht so schwierig zu finden.} h5
46. Rxa7 h4 47. b6 Ng4+ 48. Ke2 Re3+ (48... Rb3 49. b7 h3 50. Ra6+ $1 Kf5 51.
Nb6 h2 52. b8=Q h1=Q 53. Ra5+ $18) 49. Kd2 h3 50. b7 Rb3 (50... Re8 51. Ra8 h2
52. Rxe8 h1=Q 53. b8=Q {and Black has no perpetual. und Schwarz hat kein
Dauerschach.}) 51. Ra6+ $1 Kh5 52. Nb6 {Black resigned because of Schwarz gab
auf wegen} (52. Nb6 h2 53. b8=Q h1=Q 54. Ra5+ Kh4 55. Qh8+ {Probably one the
best games in my life so far, although I didn't avoid some mistakes.
Wahrscheinlich eine der besten Partien meines Lebens bisher, wenngleich ich
ein paar Fehler nicht vermeiden konnte.}) 1-0

[Event "Olympiad-40"]
[Site "Istanbul"]
[Date "2012.09.07"]
[Round "10.1"]
[White "Radjabov, Teimour"]
[Black "Ivanchuk, Vassily"]
[Result "1/2-1/2"]
[WhiteElo "2788"]
[BlackElo "2769"]
[PlyCount "60"]
[EventDate "2012.08.28"]
[EventType "team-swiss"]
[EventRounds "11"]
[EventCountry "TUR"]
[SourceTitle "CBM 151"]
[Source "ChessBase"]
[SourceDate "2012.11.13"]
[SourceVersion "1"]
[SourceVersionDate "2012.11.13"]
[SourceQuality "1"]
[WhiteTeam "Azerbaijan"]
[BlackTeam "Ukraine"]
[WhiteTeamCountry "AZE"]
[BlackTeamCountry "UKR"]

1. Nf3 Nf6 2. c4 g6 3. Nc3 d5 4. cxd5 Nxd5 5. g3 Bg7 6. Bg2 O-O 7. O-O c5 8.
Nxd5 Qxd5 9. d3 Nc6 10. Be3 Bd7 11. Nd4 Qd6 12. Nxc6 Bxc6 13. Bxc6 Qxc6 14. Rc1
Qa6 15. Rxc5 b6 16. Rc4 Qxa2 17. Rb4 Rfc8 18. Qa1 Qd5 19. Qa4 h5 20. Rc1 Rxc1+
21. Bxc1 Rc8 22. Be3 Bf6 23. h4 Rc7 24. Kh2 Qc6 25. b3 Bc3 26. Qxc6 Rxc6 27.
Ra4 Rc7 28. Kg2 Kf8 29. Kf3 Ke8 30. g4 hxg4+ 1/2-1/2